Las 10 mejores aplicaciones para arquitectos y diseñadores (Registro nro. 174193)
[ vista simple ]
| 000 -LEADER | |
|---|---|
| fixed length control field | 00562nam a2200157Ia 4500 |
| 008 - FIXED-LENGTH DATA ELEMENTS--GENERAL INFORMATION | |
| fixed length control field | 240514t2024||||xx |||||||||||||| ||spa|| |
| 100 ## - MAIN ENTRY--PERSONAL NAME | |
| Personal name | Sáenz, Paloma |
| 119 ## - | |
| -- | Arquitectura |
| -- | Arquitectura integral y tecnologica de la construcción |
| 245 #0 - TITLE STATEMENT | |
| Title | Las 10 mejores aplicaciones para arquitectos y diseñadores |
| 260 ## - PUBLICATION, DISTRIBUTION, ETC. (IMPRINT) | |
| Name of publisher, distributor, etc | México Desing |
| Date of publication, distribution, etc | 2024 |
| 538 ## - SYSTEM DETAILS NOTE | |
| Nota de detalles del sistema | Acceso vía web |
| 540 ## - CONDICIONES DE USO Y REPRODUCCIÓN | |
| -- | Acceso abierto |
| 650 ## - SUBJECT ADDED ENTRY--TOPICAL TERM | |
| Topical term or geographic name as entry element | Aplicaciones |
| 650 14 - SUBJECT ADDED ENTRY--TOPICAL TERM | |
| Topical term or geographic name as entry element | Arquitectura |
| 856 ## - LOCALIZACIÓN Y ACCESO ELECTRÓNICO | |
| Identificador Uniforme del Recurso (URI/URL) | https://mexicodesign.com/las-10-mejores-aplicaciones-para-arquitectos-y-disenadores/ |
| 999 ## - | |
| -- | 174193 |
| -- | 174193 |
No hay ítems disponibles.